Audit informačného systému: seriózna disciplína alebo módny termín?

Vývoj auditu informačného systému. Definície a druhy auditu informačného systému. Hlavné oblasti - domény auditu informačného systému podľa ISACA (Information Systems Audit and Control Association). Hlavné problémy auditu informačného systému.

Gespeichert in:
Bibliographische Detailangaben
1. Verfasser: Svatá, Vlasta
Weitere Verfasser: Tumpach, Miloš, 1970-
Format: Buchkapitel
Sprache:Slowakisch
Schlagworte:
Tags: Tag hinzufügen
Keine Tags, Fügen Sie das erste Tag hinzu!

MARC

LEADER 00000naa a2200000 4500
001 r040292
005 20240502071335.7
041 0 |a slo 
044 |a SK 
245 1 0 |a Audit informačného systému: seriózna disciplína alebo módny termín?  |c Vlasta Svatá ; preložil: Miloš Tumpach 
520 |a Vývoj auditu informačného systému. Definície a druhy auditu informačného systému. Hlavné oblasti - domény auditu informačného systému podľa ISACA (Information Systems Audit and Control Association). Hlavné problémy auditu informačného systému. 
610 2 0 |a systémy informačné 
610 2 0 |a technológie informačné 
610 2 0 |a audit 
610 2 0 |a audítori 
610 2 0 |a certifikácia 
100 1 |a Svatá, Vlasta 
700 1 |a Tumpach, Miloš, 1970-